GANDHI PATEL:LETTERS AND SPEECHES (Record no. 26123)

MARC details
000 -LEADER
fixed length control field 00334nam a22001457a 4500
003 - CONTROL NUMBER IDENTIFIER
control field SGT
020 ## - INTERNATIONAL STANDARD BOOK NUMBER
International Standard Book Number 978123755564
082 ## - DEWEY DECIMAL CLASSIFICATION NUMBER
Classification number 954.03
Item number G09S
100 ## - MAIN ENTRY--PERSONAL NAME
Personal name SINGH, NEERJA
245 ## - TITLE STATEMENT
Title GANDHI PATEL:LETTERS AND SPEECHES
260 ## - PUBLICATION, DISTRIBUTION, ETC. (IMPRINT)
Place of publication, distribution, etc INDIA
Name of publisher, distributor, etc NATIONAL BOOK TRUST
Year of Publication 2009
300 ## - PAGE DESCRIPTION
No. of Pages 205
650 ## - SUBJECT ADDED ENTRY--TOPICAL TERM
Topical term or geographic name as entry element MAHATMA GANDHI
942 ## - ADDED ENTRY ELEMENTS (KOHA)
Source of classification or shelving scheme Dewey Decimal Classification
Koha item type Books
Holdings
Withdrawn status Lost status Source of classification or shelving scheme Damaged status Not for loan Home library Current library Shelving location Date acquired Vendor Name Cost, normal purchase price SGTU Total Checkouts Full call number Accession No. (Barcode) Date last seen Bill Date Koha item type
    Dewey Decimal Classification   Not For Loan SGT Chancellor's Library SGT Chancellor's Library Reference Book 20/04/2024 SGT CHANCELLOR'S COLLECTION 75.00 SGTU   954.03 G09S CH322 20/04/2024 20/04/2024 Books